Quellenverzeichnis, die Grafschaft Glatz

Titel: Quellenverzeichnis, die Grafschaft Glatz / Hrsg. von der Forschungsgruppe Grafschaft Glatz. Bearb. von Dieter Pohl
Teil: Grundwerk
Beteiligt:
Körperschaft:
Veröffentlicht: Modautal : Pohl, 19XX
Format: Buch
Sprache: Deutsch
Schriftenreihe/
mehrbändiges Werk:
Quellenverzeichnis, die Grafschaft Glatz / Hrsg. von der Forschungsgruppe Grafschaft Glatz. Bearb. von Dieter Pohl ; Grundwerk
alle Bände anzeigen
ISBN: 3927830070
Buchumschlag
X
Lokale Klassifikation: 14 8 G 35
alg: 2294204
001A    $05000:04-01-93 
001B    $01999:01-04-26 $t07:44:13.000 
001D    $00000:00-00-00 
001U    $0utf8 
001X    $00 
002@    $0Afuc 
002C    $aText $btxt $2rdacontent 
002D    $aohne Hilfsmittel zu benutzen $bn $2rdamedia 
002E    $aBand $bnc $2rdacarrier 
003@    $0022942041 
004A    $03-927830-07-0 
007A    $0022942041 $aHEB 
007T    $0Herdhh017745446+GRUNDWERK=Bd. Grundwerk 
010@    $ager 
011@    $a19XX 
028C    $BHerausgeber $4edt $7129167495 $8Pohl, Dieter$Z1934-2020 [Tp1] $9122229762 
029F    $RArbeitsgemeinschaft Ostdeutscher Familienforscher $RArbeitsgemeinschaft Ostdeutscher Familienforscher $#Forschungsgruppe Grafschaft Glatz $#FGG $#Arbeitsgemeinschaft Ostdeutscher Familienforscher, Forschungsstelle Schlesien, Forschungsgruppe Grafschaft Glatz $72116669-9 $8Arbeitsgemeinschaft Ostdeutscher Familienforscher$bForschungsgruppe Grafschaft Glatz [Tb1] $9043607772 
033A    $pModautal $nPohl 
036C    $a@Quellenverzeichnis, die Grafschaft Glatz $xgrundwerk $hHrsg. von der Forschungsgruppe Grafschaft Glatz. Bearb. von Dieter Pohl $lGrundwerk 
036D    $xgrundwerk $8@Quellenverzeichnis, die Grafschaft Glatz / Hrsg. von der Forschungsgruppe Grafschaft Glatz. Bearb. von Dieter Pohl $9017745446 
046X    $aArchivierung/Langzeitarchivierung gewährleistet $5DE-17 $fPEHE 

lok: 2294204 8
101B    $003-08-95 $t00:35:35.347 
107F    $0062694367 
145Z/01 $agesch b 361/04 Schlesien/Glatz  
101U    $0utf8 

exp: 2294204 8 1 #EPN
201B/01 $008-12-15 $t16:51:47.000 
201U/01 $0utf8 
203@/01 $0062694375 
208@/01 $a14-07-93 $bh 
209A/01 $a91 A 864 $di $f000 $x00 
209B/01 $a06 $x05 
237A/01 $a6. Aufl., Stand April 1992 
247C/01 $8611000-9 <17>Darmstadt, TU Darmstadt, Universitäts- und Landesbibliothek - Stadtmitte $9102595879 

lok: 2294204 24
101B    $024-07-14 $t10:19:48.000 
101U    $0utf8 
145Z/01 $a14 8 G 35 

exp: 2294204 24 1 #EPN
201B/01 $024-07-14 $t10:19:48.000 
201U/01 $0utf8 
203@/01 $0086351370 
208@/01 $a09-11-93 $bh 
209A/01 $a14 VIII G 74/56 $du $f050 $h14 8 G 74 56 $x00 
209C/01 $aK 92.2621 $h92 2621 K 
209G/01 $a73476259 $x00 
237A/01 $a6. Aufl., Stand April 1992 
247C/01 $8358050-7 Marburg, Bibliothek des Herder-Instituts Marburg $9102600961 

lok: 2294204 78

exp: 2294204 78 1 #EPN
201B/01 $019-04-17 $t15:37:11.000 
201U/01 $0utf8 
203@/01 $0792439988 
208@/01 $a12-11-16 $be 
209A/01 $a/ $f000 $x00 
220C/01 $aAnmerkung: *11 
237A/01 $aweiterführende Signatur(en): Herder-Institut: 14 VIII G 74/56 
244Z/01 $2Trx $#Silesia $#Śląsk $#Sliezsko $#Slezsko $8--Trx--Schlesien $x01 $9391173987 
247C/01 $82080>Marburg/Lahn, Herder-Institut, Forschungsbibliothek, Bibliographieportal $9336309341
LEADER 00000cam a2200000 cc4500
001 022942041
003 DE-603
005 20260401074413.0
007 tu
008 930104s19XX xx |||| | u00||u|ger c
020 |a 3927830070 
035 |a (DE-599)HEB022942041 
040 |a DE-603  |b ger  |c DE-603  |d DE-603 
041 |a ger 
245 0 0 |a Quellenverzeichnis, die Grafschaft Glatz  |n Grundwerk  |c Hrsg. von der Forschungsgruppe Grafschaft Glatz. Bearb. von Dieter Pohl 
264 1 |a Modautal  |b Pohl  |c 19XX 
336 |a Text  |b txt  |2 rdacontent 
337 |a ohne Hilfsmittel zu benutzen  |b n  |2 rdamedia 
338 |a Band  |b nc  |2 rdacarrier 
700 1 |a Pohl, Dieter  |d 1934-2020  |e Herausgeber  |4 edt  |0 (DE-603)122229762  |0 (DE-588)129167495  |2 gnd 
710 2 |a Arbeitsgemeinschaft Ostdeutscher Familienforscher  |b Forschungsgruppe Grafschaft Glatz  |0 (DE-603)043607772  |0 (DE-588)2116669-9  |2 gnd 
773 0 8 |q grundwerk  |w (DE-603)017745446 
924 0 |9 17  |a (DE-603)062694375  |b DE-17  |c HES  |d c  |g 91 A 864 
924 0 |9 Mb 50  |a (DE-603)086351370  |b DE-Mb50  |c HES  |d c  |g 14 VIII G 74/56 
924 0 |9 2080  |a (DE-603)792439988  |b DE-2080  |c HES  |d d  |g /